| 000 | 00825nam a22002537a 4500 | ||
|---|---|---|---|
| 003 | UA-OsUOA | ||
| 001 | 131161 | ||
| 007 | ta | ||
| 008 | 20180523b un ||||| |||| 00| 0 ukr d | ||
| 090 |
_a94(477+109) _bН34 |
||
| 942 | _cBK | ||
| 040 |
_aUA-OsUOA _bukr _cUA-OsUOA _dUA-OsUOA |
||
| 245 |
_aНаукові записки Тернопільського національного педагогічного університету імені Володимира Гнатюка _cгол. ред. І. Зуляк |
||
| 300 | _a184 с. | ||
| 955 | _a1 | ||
| 041 | _aukr | ||
| 080 | _a94(477+109) | ||
| 022 | _a2307-7778 | ||
| 260 |
_aТернопіль _bТНПУ ім. В. Гнатюка _c2017 |
||
| 246 | 3 | 1 |
_aч. 3 _n |
| 250 | _nВип. 1 | ||
| 650 | 7 |
_a1 Філософські науки _2UDC |
|
| 999 |
_c419403 _d419403 |
||